Circuitos microelectrónicos

Zapisane w:
Opis bibliograficzny
Główni autorzy: Sedra, Adel S (Autor), Smith, Kenneth C (Autor)
Format: Książka
Język:hiszpański
Wydane: Ciudad de México Oxford University 1999
Wydanie:4a. ed
Hasła przedmiotowe:
Etykiety: Dodaj etykietę
Nie ma etykietki, Dołącz pierwszą etykiete!

MARC

LEADER 00000nam a2200000 a 4500
001 UCN9194
003 CL-VaPUC
008 011130e19990000MX |||||||||||||||||spa|d
020 |a 9706133798 
082 0 4 |a 621.381  |b SED  |2 21 
100 0 |a Sedra, Adel S  |e author  |9 465694 
700 0 |a Smith, Kenneth C  |e author  |9 465695 
245 1 0 |a Circuitos microelectrónicos 
250 |a 4a. ed 
300 |a 1237 p 
942 |c BK 
945 |d 20011130 00:00:00  |a vberengu 
260 |a Ciudad de México  |b Oxford University  |c 1999 
500 |a Incluye cd-rom 
650 0 |a Electrónica   |9 263192 
650 0 |a Circuitos electrónicos  |9 260204 
650 0 |a Amplificadores   |9 338119 
650 0 |a Diodos  |9 260678 
650 0 |a Circuitos  |9 263339 
583 |a last modification  |c 20160104 00:45:35  |k Rodrigo Vera 
999 |c 298716  |d 298714 
952 |0 0  |1 0  |2 ddc  |4 0  |6 621_381000000000000_SED_1999  |7 0  |8 A  |9 354533  |a BIBING  |b BIBING  |c RES  |d 2019-11-21  |i 4392809  |l 2  |o 621.381 SED 1999  |p 4392809  |r 2025-01-20  |s 2024-04-26  |w 2019-11-21  |y BK  |k EIE